Navrhovaná zmena zákona o regulácií sieťových odvetví
Regulačná rada, regulačná politika a nástroje na jej uskutočňovanie. Návrh ministra hospodárstva SR. Navrhované riešenia a reakcia Úradu pre reguláciu sieťových odvetví. Koaličná rada a programové vyhlásenie vlády.
Enregistré dans:
| Auteur principal: | |
|---|---|
| Format: | Chapitre de livre |
| Langue: | slovaque |
| Sujets: | |
| Tags: |
Pas de tags, Soyez le premier à ajouter un tag!
|
MARC
| LEADER | 00000nla$a2200000$$$4500 | ||
|---|---|---|---|
| 001 | 0124584 | ||
| 005 | 20240502072418.2 | ||
| 041 | 0 | |a slo | |
| 044 | |a SK | ||
| 245 | 1 | 0 | |a Navrhovaná zmena zákona o regulácií sieťových odvetví |c Zuzana Michalcová |
| 520 | |a Regulačná rada, regulačná politika a nástroje na jej uskutočňovanie. Návrh ministra hospodárstva SR. Navrhované riešenia a reakcia Úradu pre reguláciu sieťových odvetví. Koaličná rada a programové vyhlásenie vlády. | ||
| 610 | 2 | 0 | |a situácia hospodárska |
| 610 | 2 | 0 | |a hospodárstvo energetické |
| 610 | 2 | 0 | |a štruktúra ekonomiky odvetvová |
| 610 | 2 | 0 | |a vývoj hospodársky |
| 610 | 2 | 0 | |a závislosť ekonomická |
| 610 | 2 | 0 | |a odvetvia sieťové |
| 610 | 2 | 0 | |a regulácia cenová |
| 610 | 2 | 0 | |a vláda |
| 610 | 2 | 0 | |a politika |
| 100 | 1 | |a Michalcová, Zuzana, 1984- | |